Polvo de estrellas / (Registro nro. 10724)

Detalles MARC
000 -LIDER
fixed length control field 00793nam a22002657a 4500
001 - NÚMERO DE CONTROL
Identificador de número de control 00724
003 - IDENTIFICACDOR DE NÚMERO DE CONTROL
control field DO-SdBPM
005 - DATE AND TIME OF LATEST TRANSACTION
control field 20241129102100.0
007 - CAMPOS FIJOS DE DESCRIPCIÓN FÍSICA
fixed length control field 00724
008 - ELEMENTOS DE LONGITUD FIJA
fixed length control field 160706b 2009 mx ||| 00| 0 spa d
020 ## - ISBN
International Standard Book Number 9789707707979
040 ## - FUENTE DE CATALOGACIÓN
Agencia que crea de manera original el registro DO-SdBPM
Idioma de catalogación spa
Agencia que realiza la transcripción BPMSU
082 #4 - NÚMERO DE CLASIFICACIÓN DECIMAL DE DEWEY
Classification number M863.6
Item number M971p 2009
Edition number 22
100 1# - ASIENTO PRINCIPAL -- NOMBRE PERSONAL
Nombre personal Muñoz Ledo, Norma
Fechas asociadas con el nombre 1967-
245 10 - MENCIÓN DE TITULO
Título Polvo de estrellas /
Mención de responsabilidad Norma Muñoz Ledo ; ilustración Patricia Ramírez
260 ## - PUBLICACIÓN, DISTRIBUCIÓN, ETC. (PIE DE IMPRENTA)
Lugar de publicación, distribución, etc México :
Nombre del editor, distribuidor, etc. Santillana Ediciones Generales,
Fecha de publicación, distribución, etc 2009
Fecha de impresión
300 ## - DESCRIPCIÓN FÍSICA
Extensión 292 p. ;
Dimensiones 20 cm.
490 0# - MENCIÓN DE SERIES
Mención de serie Alfaguara juvenil
590 ## - NOTA LOCAL
Texto de la nota local Inventariado, 2024/VM
650 #4 - ENCABEZAMIENTO DE MATERIA--TEMÁTICO
Término temático o nombre geográfico como elemento de entrada Novela mexicana
650 #4 - ENCABEZAMIENTO DE MATERIA--TEMÁTICO
Término temático o nombre geográfico como elemento de entrada Literatura mexicana
700 1# - ASIENTO SECUNDARIO -- NOMBRE PERSONAL
Nombre personal Ramírez, Patricia,
Mención de responsabilidad ilustraciones
910 ## - VALIDACIÓN
Validación VMateo V. Control de calidad. BPMSU
942 ## - ADDED ENTRY ELEMENTS (KOHA)
Source of classification or shelving scheme Dewey Decimal Classification
Koha item type Libros
Existencias
Withdrawn status Lost status Source of classification or shelving scheme Damaged status Not for loan Collection code Home library Current library Date acquired Source of acquisition Total Checkouts Full call number Barcode Date last seen Price effective from Koha item type Copy number
    Dewey Decimal Classification     Colección Juvenil General Biblioteca Pública Metropolitana Salomé Ureña Biblioteca Pública Metropolitana Salomé Ureña 07/20/2016 Santillana   BPMSU CJG M863.6 M971p 2009 BPMSU16070578 07/20/2016 07/20/2016 Libros  
    Dewey Decimal Classification     Colección Juvenil General Biblioteca Pública Metropolitana Salomé Ureña Biblioteca Pública Metropolitana Salomé Ureña 07/20/2016 Santillana   BPMSU CJG M863.6 M971p 2009 BPMSU16070579 07/20/2016 07/20/2016 Libros e.2
    Dewey Decimal Classification     Colección Juvenil General Biblioteca Pública Metropolitana Salomé Ureña Biblioteca Pública Metropolitana Salomé Ureña 07/20/2016 Santillana   BPMSU CJG M863.6 M971p 2009 BPMSU16070580 07/20/2016 07/20/2016 Libros e.3